Personal nutrition / Marie Boyle, Saint Elizabeth University. (Record no. 20349)

000 -LEADER
fixed length control field 00572nam a22001697a 4500
020 ## - INTERNATIONAL STANDARD BOOK NUMBER
ISBN 9780357446935 paperback
020 ## - INTERNATIONAL STANDARD BOOK NUMBER
ISBN 0357446933 paperback
082 ## - DEWEY DECIMAL CLASSIFICATION NUMBER
Classification number 613.2
Item number B7925 2023
100 ## - MAIN ENTRY--AUTHOR NAME
Personal name Boyle, Marie A. (Marie Ann), author.
245 ## - TITLE STATEMENT
Title Personal nutrition / Marie Boyle, Saint Elizabeth University.
250 ## - EDITION STATEMENT
Edition statement Eleventh edition.
260 ## - PUBLICATION, DISTRIBUTION, ETC. (IMPRINT)
Place of publication Boston, MA :
Name of publisher Cengage Learning,
Year of publication ©2023.
300 ## - PHYSICAL DESCRIPTION
Number of Pages xxii, 457, A-6, G-12, I-21 pages :
Other physical details illustrations ; 28 cm.
500 ## - GENERAL NOTE
General note Includes bibliographical references and index.
650 ## - SUBJECT ADDED ENTRY--TOPICAL TERM
Topical Term Nutrition.
942 ## - ADDED ENTRY ELEMENTS (KOHA)
Koha item type Books
Holdings
Source of acquisition Permanent Location Date acquired Koha item type Collection code Accession Number Lost status Shelving location Withdrawn status Current Location Full call number
SchoolCagayan State University - Carig Library2025-04-22BooksNursingN000341 Nursing Library Cagayan State University - Carig Library613.2 B7925 2023
SchoolCagayan State University - Carig Library2025-04-22BooksNursingN000342 Nursing Library Cagayan State University - Carig Library613.2 B7925 2023
SchoolCagayan State University - Carig Library2025-04-22BooksNursingN000343 Nursing Library Cagayan State University - Carig Library613.2 B7925 2023
SchoolCagayan State University - Carig Library2025-04-22BooksNursingN000344 Nursing Library Cagayan State University - Carig Library613.2 B7925 2023
SchoolCagayan State University - Carig Library2025-04-22BooksNursingN000345 Nursing Library Cagayan State University - Carig Library613.2 B7925 2023

Cagayan State University University Library, Carig Campus
Tuguegarao City, Cagayan 3500 | www.csucarig.edu.ph

Powered by Koha